Aging Asia (Record no. 1112667)

MARC details
000 -LEADER
fixed length control field 01123nam a2200313Ia 4500
003 - CONTROL NUMBER IDENTIFIER
control field OSt
005 - DATE AND TIME OF LATEST TRANSACTION
control field 20221006160207.0
008 - FIXED-LENGTH DATA ELEMENTS--GENERAL INFORMATION
fixed length control field 221006b |||||||| |||| 00| 0 eng d
020 ## - INTERNATIONAL STANDARD BOOK NUMBER
International Standard Book Number 9781931368209
037 ## - SOURCE OF ACQUISITION
Terms of availability Textual
040 ## - CATALOGING SOURCE
Original cataloging agency EASL
Transcribing agency EASL
Language of cataloging eng
041 ## - LANGUAGE CODE
Source of code eng
Language code of text/sound track or separate title eng
100 ## - MAIN ENTRY--PERSONAL NAME
Personal name Eggleston Karen Ed.
9 (RLIN) 672331
245 #0 - TITLE STATEMENT
Title Aging Asia
Remainder of title The Economics and social implications of rapid demographic change in China, Japan, and South Korea
260 ## - PUBLICATION, DISTRIBUTION, ETC.
Place of publication, distribution, etc. Stanford
Name of publisher, distributor, etc. Shorenstein APARC
Date of publication, distribution, etc. 2010
300 ## - PHYSICAL DESCRIPTION
Extent 360p.
Dimensions cm.
490 ## - SERIES STATEMENT
Volume/sequential designation Oth
650 ## - SUBJECT ADDED ENTRY--TOPICAL TERM
Topical term or geographic name entry element Asia - Health care
9 (RLIN) 672332
650 ## - SUBJECT ADDED ENTRY--TOPICAL TERM
Topical term or geographic name entry element Asia - Social insurance program sustainability
9 (RLIN) 672333
650 ## - SUBJECT ADDED ENTRY--TOPICAL TERM
Topical term or geographic name entry element Gen
650 ## - SUBJECT ADDED ENTRY--TOPICAL TERM
Topical term or geographic name entry element Asia - Demographic change - Intergenerational transfers and economic growth
9 (RLIN) 672334
700 ## - ADDED ENTRY--PERSONAL NAME
Personal name Tuljapurkar Shripad Ed.
9 (RLIN) 672335
942 ## - ADDED ENTRY ELEMENTS (KOHA)
Classification part Y130bX:958.4, Q0
Koha item type Textual
Source of classification or shelving scheme Colon Classification (CC)
Holdings
Withdrawn status Lost status Source of classification or shelving scheme Damaged status Not for loan Home library Current library Date acquired Source of acquisition Cost, normal purchase price Serial Enumeration / chronology Total Checkouts Full call number Barcode Date last seen Cost, replacement price Price effective from Koha item type
    Colon Classification (CC)     Department of East Asian Studies Library Department of East Asian Studies Library 2022-10-06 Gift, Korean Embassy 1911.00 Oth   Y130bX:958.4 Q0 EA1397328 2022-10-06 1911.00 2022-10-06 Textual
Copyright @ Delhi University Library System